| 000 | 00000nam##2200000za#4500 |
| 001 | 9.644758 |
| 003 | CaOODSP |
| 005 | 20200330130016 |
| 007 | ta |
| 008 | 150407|1993||||xxc||||| f|0| 0 eng|d |
| 020 | |a0-662-20624-X |
| 040 | |aCaOODSP|beng |
| 043 | |an-cn--- |
| 086 | 1 |aH49-85/1993E |
| 110 | 1 |aCanada.|bHealth Canada. |bHealth Protection Branch. |
| 245 | 14|aThe assessment of mutagenicity : |bHealth Protection Branch mutagenicity guidelines / |cPrepared by the Health Protection Branch Genotoxicity Committee. |
| 260 | |aOttawa - Ontario : |bHealth Canada. |c1993. |
| 300 | |a23p. : |breferences, tables ; |c28 cm. |
| 500 | |aContents: Introduction.--Genotoxicity tests.--Mutagenicity testing strategy.--Genotoxicity tests as predictors of carcinogenicity.--Germ cell and somatic cell mutation.--Validation of genotoxicity tests.--Epidemiological extension of the regulatory process.--References. |
| 563 | |aSoftcover |
| 590 | |a94-90|b1995-03-31 |
| 690 | 07|aDiseases|2gcpds |
| 690 | 07|aGenetics|2gcpds |
| 775 | 08|tL'évaluation de la mutagénicité : |w(CaOODSP)9.678566 |
| 776 | 0#|tThe assessment of mutagenicity : |w(CaOODSP)9.695408 |
| 986 | |a93-EHD-168 |